[Event "EU-ch U18 25th"]
[Site "Porec"]
[Date "2015.09.21"]
[Round "1"]
[White "Tataru, Dan"]
[Black "Sokac, Marko"]
[Result "0-1"]
[WhiteElo "1648"]
[BlackElo "2281"]
[PlyCount "152"]
[EventDate "2015.09.21"]
[EventType "swiss"]
[EventRounds "9"]
[EventCountry "CRO"]
[SourceTitle "EXT 2016"]
[Source "ChessBase"]
[SourceDate "2015.10.08"]
[SourceVersion "1"]
[SourceVersionDate "2015.10.08"]
[SourceQuality "1"]

1. d4 Nf6 2. Nc3 d6 3. Nf3 c6 4. e3 Nbd7 5. Be2 e5 6. 0-0 Be7 7. b3 0-0 8. Bb2 Qc7 9. Qd2 b5 10. Rad1 b4 11. Na4 e4 12. Ne1 d5 13. c3 a5 14. Rc1 Nb6 15. Nxb6 Qxb6 16. Qc2 Bf5 17. c4 Rac8 18. Qd2 Bg6 19. Nc2 Qb8 20. c5 h6 21. Ra1 Nh7 22. a3 f5 23. axb4 axb4 24. Qxb4 Qc7 25. g3 Ng5 26. Ra6 Nf3+ 27. Bxf3 exf3 28. Ne1 Bh5 29. Qb6 Qd7 30. Ra7 Qe6 31. Qb7 Rf7 32. Qd7 Qxd7 33. Rxd7 Rb8 34. Rc7 Rxb3 35. Bc1 Bf8 36. Rxf7 Kxf7 37. Bd2 f4 38. gxf4 Bg4 39. Kh1 Rb2 40. Nd3 Rxd2 41. Ne5+ Ke6 42. Nxg4 Kf5 43. Ne5 g5 44. Nxf3 Ra2 45. fxg5 hxg5 46. Ne5 Bxc5 47. Nxc6 Bd6 48. Kg2 Ra8 49. Rb1 g4 50. Rb5 Ke4 51. Rb7 Rh8 52. Rg7 Rxh2+ 53. Kg1 g3 54. f4 Kf3 55. Ne5+ Bxe5 56. fxe5 Ra2 57. Rf7+ Kxe3 58. e6 Kxd4 59. e7 Re2 60. Kf1 Re3 61. Kg2 Kc5 62. Rf8 Rxe7 63. Kxg3 Kc4 64. Kf3 d4 65. Rc8+ Kd3 66. Rd8 Rf7+ 67. Kg2 Kc3 68. Rc8+ Kd2 69. Rd8 d3 70. Rc8 Ke1 71. Re8+ Kd1 72. Rd8 d2 73. Rd3 Rc7 74. Kf2 Kc2 75. Ke2 d1Q+ 76. Rxd1 Re7+ 0-1